| 000 | 01016cam a2200301 a 4500 | ||
|---|---|---|---|
| 999 |
_c16938 _d16938 |
||
| 001 | 12026443 | ||
| 003 | EG-ScBUE | ||
| 005 | 20210321111925.0 | ||
| 008 | 000531t1998 enk f 000 d eng d | ||
| 020 | _a0573017972 | ||
| 020 | _a9780573017971 | ||
| 040 |
_aDLC _beng _erda _cDLC _dDLC _dEG-ScBUE |
||
| 082 | 0 | 4 |
_a822.914 _bAYC _222 |
| 100 | 1 |
_aAyckbourn, Alan, _d1939- _eauthor. _930826 |
|
| 245 | 1 | 0 |
_aIt could be any one of us : _ba comedy / _cAlan Ayckbourn. |
| 264 | 1 |
_aLondon : _bSamuel French, _c[1998] |
|
| 264 | 4 | _cc1998 | |
| 300 |
_a89 pages ; _c23 cm |
||
| 336 |
_2rdacontent _atext _btxt |
||
| 337 |
_2rdamedia _aunmediated _bn |
||
| 338 |
_2rdacarrier _avolume _bnc |
||
| 650 | 7 |
_924969 _aEnglish drama. _2BUEsh |
|
| 651 | _2BUEsh | ||
| 653 |
_cAugust2012 _bHHUUEENN |
||
| 655 |
_vReading book _934232 |
||
| 942 |
_2ddc _cBB |
||